Ciudades españolas de mas de 100.000 habitantes - Estadísticas

Estadísticas generales
  • Esta prueba ha sido intentada 533 veces
  • La puntuación promedio es 44 de 62
Estadísticas de respuestas
Población Municipio % Correcto
1 620 809 Barcelona
99%
3 182 981 Madrid
99%
787 808 Valencia
97%
689 434 Sevilla
96%
345 110 Bilbao
95%
664 938 Zaragoza
94%
569 002 Málaga
93%
329 988 Alicante
90%
118 048 Cádiz
90%
443 243 Murcia
90%
299 715 Valladolid
90%
292 986 Vigo
90%
220 301 Oviedo
89%
325 916 Córdoba
88%
272 365 Gijón
88%
232 770 Granada
88%
186 370 San Sebastián
88%
145 115 Huelva
86%
171 951 Santander
86%
131 507 Tarragona
86%
406 492 Palma
85%
195 389 Almería
84%
125 317 León
83%
144 436 Salamanca
83%
175 623 Burgos
82%
150 543 Badajoz
81%
114 238 Jaén
81%
244 099 La Coruña
81%
246 976 Vitoria
81%
197 138 Pamplona
80%
172 816 Albacete
78%
178 288 Getafe
77%
228 675 Elche
75%
203 692 Santa Cruz de Tenerife
75%
219 300 Cartagena
74%
377 650 Las Palmas de Gran Canaria
71%
150 979 Logroño
70%
206 589 Móstoles
69%
187 720 Leganés
67%
137 327 Lérida
67%
194 310 Alcalá de Henares
66%
140 744 Marbella
66%
209 931 Sabadell
64%
212 915 Jerez de la Frontera
61%
257 349 Hospitalet de Llobregat
60%
215 848 Badalona
59%
168 141 Alcorcón
58%
132 551 Dos Hermanas
57%
194 669 Fuenlabrada
56%
121 133 Algeciras
50%
103 123 Reus
50%
114 864 Alcobendas
47%
105 636 Orense
46%
216 428 Tarrasa
46%
125 898 Parla
45%
126 127 Mataró
43%
128 013 Torrejón de Ardoz
43%
169 498 Castellón de la Plana
40%
100 313 Baracaldo
34%
153 655 San Cristóbal de La Laguna
29%
102 005 Telde
29%
117 597 Santa Coloma de Gramanet
27%
No se encontraron pruebas coincidentes
Distribución de puntuación
Porcentaje de gente con cada puntuación
Porcentaje por número respondido
Historial de tus puntuaciones
No has intentado esta prueba.